Konkurz a reštrukturalizácia - novela zákona

Novela zákona č. 377/2016 Z.z. o konkurze a reštrukturalizácii upravuje oddlženie fyzických osôb - tzv. osobný bankrot. Účinnosť od 1.1 a 1.3.2017. Cieľ novely zákona. Predmet zákona a základné zásady. Register úpadcov. Konkurz, zrušenie konkurzu. Správa a speňažovanie majetku. Reštrukturalizácia, r...

Description complète

Enregistré dans:
Détails bibliographiques
Auteur principal: Trizuliak, Tibor
Format: Chapitre de livre
Langue:slovaque
Sujets:
Tags: Ajouter un tag
Pas de tags, Soyez le premier à ajouter un tag!

MARC

LEADER 00000naa a2200000 4500
001 0228472
005 20170316090247.5
041 0 |a slo 
044 |a SK 
245 1 0 |a Konkurz a reštrukturalizácia - novela zákona  |c Tibor Trizuliak 
520 |a Novela zákona č. 377/2016 Z.z. o konkurze a reštrukturalizácii upravuje oddlženie fyzických osôb - tzv. osobný bankrot. Účinnosť od 1.1 a 1.3.2017. Cieľ novely zákona. Predmet zákona a základné zásady. Register úpadcov. Konkurz, zrušenie konkurzu. Správa a speňažovanie majetku. Reštrukturalizácia, reštrukturalizačný plán. Oddlženie. Splátkový kalendár. Odmena správcu. 
610 2 0 |a konkurzy 
610 2 0 |a reštrukturalizácia finančná 
610 2 0 |a bankrot 
610 2 0 |a úpravy právne 
100 1 |a Trizuliak, Tibor